[Event "Berlin-ch Seniors op 33rd"]
[Site "Berlin"]
[Date "2017.02.04"]
[Round "5"]
[White "Kuntosch, Peter"]
[Black "Klemt, Herbert"]
[Result "1/2-1/2"]
[WhiteElo "1586"]
[BlackElo "1746"]
[PlyCount "43"]
[EventDate "2017.01.31"]
[EventType "swiss"]
[EventRounds "9"]
[EventCountry "GER"]
[SourceTitle "EXT 2019"]
[Source "ChessBase"]
[SourceDate "2018.10.10"]
[SourceVersion "1"]
[SourceVersionDate "2018.10.10"]
[SourceQuality "1"]

1. e4 g6 2. d4 Bg7 3. Nf3 d6 4. Bc4 Nf6 5. Nc3 0-0 6. h3 Nxe4 7. Nxe4 d5 8. Bd3 dxe4 9. Bxe4 c6 10. c3 Nd7 11. 0-0 Nf6 12. Re1 Qc7 13. Bc2 Be6 14. Ne5 Rad8 15. Qf3 Nd7 16. Bf4 Nxe5 17. dxe5 Qc8 18. Bg5 f6 19. exf6 Bxf6 20. Qe3 Bxg5 21. Qxe6+ Qxe6 22. Rxe6 1/2-1/2

[Event "Berlin-ch Seniors op 33rd"]
[Site "Berlin"]
[Date "2017.02.03"]
[Round "4"]
[White "Klemt, Herbert"]
[Black "Tham, Franz"]
[Result "1/2-1/2"]
[WhiteElo "1746"]
[BlackElo "1576"]
[PlyCount "57"]
[EventDate "2017.01.31"]
[EventType "swiss"]
[EventRounds "9"]
[EventCountry "GER"]
[SourceTitle "EXT 2019"]
[Source "ChessBase"]
[SourceDate "2018.10.10"]
[SourceVersion "1"]
[SourceVersionDate "2018.10.10"]
[SourceQuality "1"]

1. e4 c5 2. Nf3 Nc6 3. d4 cxd4 4. Nxd4 g6 5. Nc3 Bg7 6. Be3 Nf6 7. g4 d6 8. h3 Qa5 9. Nb3 Qd8 10. Be2 a6 11. Qd2 0-0 12. Bh6 Be6 13. Bxg7 Kxg7 14. g5 Ng8 15. h4 f5 16. h5 fxe4 17. 0-0-0 Bf5 18. Nd4 Nxd4 19. Qxd4+ e5 20. Qxd6 Qxg5+ 21. Kb1 Nf6 22. hxg6 Bxg6 23. Rdg1 Qf5 24. Bc4 e3 25. Rxh7+ Nxh7 26. Bd3 Rf6 27. Qe7+ Rf7 28. Qd6 Rf6 29. Qe7+ 1/2-1/2

[Event "Lueneburg VMCG op B"]
[Site "Lueneburg"]
[Date "2016.07.04"]
[Round "3"]
[White "Krause, Holger"]
[Black "Klemt, Herbert"]
[Result "1/2-1/2"]
[WhiteElo "1580"]
[BlackElo "1780"]
[PlyCount "59"]
[EventDate "2016.07.01"]
[EventType "swiss"]
[EventRounds "7"]
[EventCountry "GER"]
[SourceTitle "EXT 2024"]
[Source "ChessBase"]
[SourceDate "2023.10.10"]
[SourceVersion "1"]
[SourceVersionDate "2023.10.10"]
[SourceQuality "1"]

1. e4 e5 2. Bc4 Nf6 3. d3 Bc5 4. Nf3 d6 5. Nc3 h6 6. h3 Nc6 7. Na4 Qe7 8. Nxc5 dxc5 9. a3 a6 10. Ba2 Be6 11. 0-0 Rd8 12. Qe2 Bxa2 13. Rxa2 Qe6 14. Ra1 0-0 15. Be3 Nd4 16. Nxd4 cxd4 17. Bd2 Nd7 18. f4 f6 19. f5 Qf7 20. Qg4 Kh7 21. Rf3 Rg8 22. Rg3 g5 23. fxg6+ Rxg6 24. Qf5 Kg7 25. Rxg6+ Qxg6 26. Qe6 Qe8 27. Qf5 Qg6 28. Qe6 Qe8 29. Qf5 Qg6 30. Rf1 1/2-1/2

[Event "Hessen-ch Seniors op 11th"]
[Site "Bad Sooden-Allendorf"]
[Date "2015.05.12"]
[Round "4"]
[White "Klemt, Herbert"]
[Black "Hartlaub, Marianne"]
[Result "1-0"]
[WhiteElo "1820"]
[BlackElo "1580"]
[PlyCount "95"]
[EventDate "2015.05.09"]
[EventType "swiss"]
[EventRounds "9"]
[EventCountry "GER"]
[SourceTitle "EXT 2018"]
[Source "ChessBase"]
[SourceDate "2017.10.13"]
[SourceVersion "1"]
[SourceVersionDate "2017.10.13"]
[SourceQuality "1"]

1. e4 d6 2. d4 Nf6 3. Nc3 c6 4. Nf3 Bg4 5. Be2 Nbd7 6. h3 Bxf3 7. Bxf3 e5 8. Be3 Be7 9. 0-0 0-0 10. Ne2 a6 11. Ng3 Re8 12. Nf5 Bf8 13. Re1 b5 14. g4 Nb6 15. b3 g6 16. Nh6+ Kg7 17. g5 Ng8 18. dxe5 Rxe5 19. Ng4 Re6 20. Qd4+ f6 21. Qxb6 Qxb6 22. Bxb6 fxg5 23. Bd4+ Kf7 24. Bb2 Rae8 25. Rad1 d5 26. e5 Bc5 27. Kf1 h5 28. Ne3 Ne7 29. Bd4 Bb4 30. c3 Ba5 31. b4 Bc7 32. Nc2 Nf5 33. a3 Bxe5 34. Bxe5 Rxe5 35. Rxe5 Rxe5 36. Re1 Kf6 37. Rxe5 Kxe5 38. Ke2 Kf4 39. Nd4 Ne7 40. Ne6+ Kf5 41. Nc7 g4 42. hxg4+ hxg4 43. Bg2 Ke5 44. Kd3 Nf5 45. Nxa6 Kd6 46. Nc5 Ke5 47. Nd7+ Kf4 48. Nf8 1-0

[Event "Niedersachsen-ch Seniors op 14th"]
[Site "Bad Bevensen"]
[Date "2011.07.13"]
[Round "9"]
[White "Klemt, Herbert"]
[Black "Prinz, Tade"]
[Result "1-0"]
[WhiteElo "1617"]
[BlackElo "1477"]
[PlyCount "71"]
[EventDate "2011.07.05"]
[EventType "swiss"]
[EventRounds "9"]
[EventCountry "GER"]
[SourceTitle "EXT 2012"]
[Source "ChessBase"]
[SourceDate "2011.11.24"]
[SourceVersion "1"]
[SourceVersionDate "2011.11.24"]
[SourceQuality "1"]

1. d4 Nf6 2. Nf3 d6 3. c4 Bg4 4. Nc3 h6 5. d5 e5 6. dxe6 Bxe6 7. e4 Nbd7 8. Bd3 Bg4 9. h3 Bxf3 10. Qxf3 Ne5 11. Qe2 c6 12. f4 Nxd3+ 13. Qxd3 Nh5 14. 0-0 g6 15. Be3 Be7 16. Rf3 Qd7 17. b4 b6 18. a4 f5 19. Bd4 0-0 20. Re1 d5 21. exd5 Bxb4 22. Re6 Bxc3 23. Bxc3 cxd5 24. cxd5 Kh7 25. Rfe3 Rf7 26. g3 Rc8 27. d6 Rcf8 28. Re7 Qxa4 29. d7 Ng7 30. d8Q Rxd8 31. Qxd8 Qa2 32. Rxf7 Qxf7 33. Re7 Qg8 34. Qxg8+ Kxg8 35. Rxg7+ Kf8 36. Rxa7 1-0

[Event "Bad Bevensen Seniors op 12th"]
[Site "Bad Bevensen"]
[Date "2009.07.10"]
[Round "4"]
[White "Kroener, Otto"]
[Black "Klemt, Herbert"]
[Result "0-1"]
[WhiteElo "1727"]
[BlackElo "1736"]
[PlyCount "96"]
[EventDate "2009.07.07"]
[EventType "swiss"]
[EventRounds "9"]
[EventCountry "GER"]
[SourceTitle "EXT 2022"]
[Source "ChessBase"]
[SourceDate "2021.10.06"]
[SourceVersion "1"]
[SourceVersionDate "2021.10.06"]
[SourceQuality "1"]

1. e4 d5 2. exd5 Nf6 3. c4 e6 4. dxe6 Bxe6 5. Nf3 Nc6 6. Be2 Bc5 7. 0-0 0-0 8. Nc3 a6 9. d3 Re8 10. Bg5 h6 11. Bh4 g5 12. Bg3 Nh5 13. Nxg5 Nxg3 14. Nxe6 Nxe2+ 15. Qxe2 Rxe6 16. Qh5 Qg5 17. Qh3 Bd4 18. Ne4 Qg6 19. Rab1 Rae8 20. b3 f5 21. Ng3 Qg4 22. Nxf5 Qxh3 23. gxh3 Kh7 24. Ng3 Rf8 25. Ne4 Rg8+ 26. Kh1 Reg6 27. Rbe1 Nb4 28. a3 Nxd3 29. Rd1 Re6 30. f3 Rxe4 31. Rxd3 Rf4 32. b4 c5 33. bxc5 Bxc5 34. Rfd1 b6 35. a4 a5 36. Rc1 h5 37. Rd7+ Kh6 38. Re1 Rxc4 39. h4 Rxh4 40. Re6+ Rg6 41. Rxg6+ Kxg6 42. Rd2 Rxa4 43. Rc2 Ra1+ 44. Kg2 Rg1+ 45. Kh3 Rg5 46. Rc1 a4 47. Rc3 a3 48. Rc2 Be7 0-1

[Event "Bad Bevensen Seniors op 12th"]
[Site "Bad Bevensen"]
[Date "2009.07.07"]
[Round "1"]
[White "Klemt, Herbert"]
[Black "Oldach, Ehrenfried"]
[Result "0-1"]
[WhiteElo "1736"]
[BlackElo "1932"]
[PlyCount "106"]
[EventDate "2009.07.07"]
[EventType "swiss"]
[EventRounds "9"]
[EventCountry "GER"]
[SourceTitle "EXT 2022"]
[Source "ChessBase"]
[SourceDate "2021.10.06"]
[SourceVersion "1"]
[SourceVersionDate "2021.10.06"]
[SourceQuality "1"]

1. d4 Nf6 2. Nf3 e6 3. c3 b6 4. Bf4 Bb7 5. e3 d6 6. Bd3 Be7 7. Nbd2 Nbd7 8. e4 Nh5 9. Be3 e5 10. Bc2 Nhf6 11. d5 Ng4 12. Nf1 a5 13. h3 Nxe3 14. Nxe3 g6 15. h4 h5 16. Ba4 Kf8 17. Bc2 Nf6 18. c4 Bc8 19. Qd2 Ng4 20. g3 Kg7 21. Nh2 Nxe3 22. Qxe3 Ba6 23. Bd3 Qd7 24. b3 b5 25. Qe2 Rab8 26. Rc1 b4 27. Nf1 Bc8 28. Ne3 Qd8 29. Qf3 Bd7 30. Ra1 a4 31. Kd2 Ra8 32. Rhb1 a3 33. Rh1 Qc8 34. Qg2 Qb7 35. f3 Rag8 36. Ke2 Kf8 37. Raf1 g5 38. Qf2 gxh4 39. gxh4 Qc8 40. Nf5 Bxf5 41. exf5 Rg7 42. Rfg1 Rhg8 43. Rxg7 Rxg7 44. Rg1 Rxg1 45. Qxg1 Bxh4 46. Qe3 Ke7 47. Qh6 Qg8 48. f6+ Bxf6 49. Qxh5 Qg2+ 50. Ke3 Qxa2 51. Qf5 Qb2 52. Qc8 Bg5+ 53. Ke4 Qd4+ 0-1

[Event "Niedersachsen-ch Seniors op 11th"]
[Site "Bad Bevensen"]
[Date "2008.07.15"]
[Round "8"]
[White "Schroeder, Christian"]
[Black "Klemt, Herbert"]
[Result "1-0"]
[WhiteElo "1915"]
[BlackElo "1718"]
[PlyCount "39"]
[EventDate "2008.07.08"]
[EventType "swiss"]
[EventRounds "9"]
[EventCountry "GER"]
[SourceTitle "EXT 2022"]
[Source "ChessBase"]
[SourceDate "2021.10.06"]
[SourceVersion "1"]
[SourceVersionDate "2021.10.06"]
[SourceQuality "1"]

1. d4 Nf6 2. c4 g6 3. Nc3 Bg7 4. e4 d6 5. Be2 0-0 6. Bg5 c5 7. d5 a6 8. Qd2 Re8 9. Nf3 Qc7 10. 0-0 Nbd7 11. Rad1 Ng4 12. Ne1 Ngf6 13. f4 h6 14. Bh4 Nh7 15. Nf3 e5 16. dxe6 Rxe6 17. Bd3 Qc6 18. Nd5 b5 19. Ne7+ Rxe7 20. Bxe7 1-0

[Event "Niedersachsen-ch Seniors op 11th"]
[Site "Bad Bevensen"]
[Date "2008.07.13"]
[Round "6"]
[White "Klemt, Herbert"]
[Black "Lange, Siegfried"]
[Result "0-1"]
[WhiteElo "1718"]
[BlackElo "1903"]
[PlyCount "32"]
[EventDate "2008.07.08"]
[EventType "swiss"]
[EventRounds "9"]
[EventCountry "GER"]
[SourceTitle "EXT 2022"]
[Source "ChessBase"]
[SourceDate "2021.10.06"]
[SourceVersion "1"]
[SourceVersionDate "2021.10.06"]
[SourceQuality "1"]

1. e4 e6 2. d4 d5 3. Nd2 Nf6 4. e5 Nfd7 5. Bd3 c5 6. c3 Nc6 7. Ne2 cxd4 8. cxd4 f6 9. f4 fxe5 10. 0-0 e4 11. Nxe4 dxe4 12. Bxe4 Nf6 13. Bd3 Be7 14. Kh1 0-0 15. f5 exf5 16. Nf4 Qxd4 0-1

[Event "Niedersachsen-ch Seniors op 10th"]
[Site "Bad Bevensen"]
[Date "2007.07.08"]
[Round "6"]
[White "Klemt, Herbert"]
[Black "Bendisch, Juergen"]
[Result "0-1"]
[WhiteElo "1500"]
[BlackElo "1799"]
[PlyCount "72"]
[EventDate "2007.07.03"]
[EventType "swiss"]
[EventRounds "9"]
[EventCountry "GER"]
[SourceTitle "EXT 2022"]
[Source "ChessBase"]
[SourceDate "2021.10.06"]
[SourceVersion "1"]
[SourceVersionDate "2021.10.06"]
[SourceQuality "1"]

1. d4 d5 2. Nf3 Nf6 3. c4 c6 4. Nc3 dxc4 5. e4 b5 6. e5 Nd5 7. Nxd5 Qxd5 8. b3 cxb3 9. axb3 e6 10. Bd3 Bb4+ 11. Bd2 Bxd2+ 12. Qxd2 Bb7 13. Ng5 h6 14. Ne4 Kf8 15. Qb4+ Kg8 16. Qe7 Qd7 17. Qxd7 Nxd7 18. Nd6 Bc8 19. Nxc8 Rxc8 20. Rxa7 Nb6 21. 0-0 g6 22. Rc1 Kg7 23. Ra6 Nd5 24. Rcxc6 Rxc6 25. Rxc6 Nb4 26. Rc3 Rd8 27. f3 Rxd4 28. Bxb5 Rd5 29. Bc4 Rxe5 30. Kf2 Ra5 31. Ke3 Ra2 32. Kd4 Rxg2 33. Kc5 Nd5 34. Bxd5 exd5 35. Kxd5 Rxh2 36. b4 Rd2+ 0-1

[Event "Niedersachsen-ch Seniors op 10th"]
[Site "Bad Bevensen"]
[Date "2007.07.05"]
[Round "3"]
[White "Mellenthin, Horst"]
[Black "Klemt, Herbert"]
[Result "1/2-1/2"]
[WhiteElo "1670"]
[BlackElo "1500"]
[PlyCount "26"]
[EventDate "2007.07.03"]
[EventType "swiss"]
[EventRounds "9"]
[EventCountry "GER"]
[SourceTitle "EXT 2022"]
[Source "ChessBase"]
[SourceDate "2021.10.06"]
[SourceVersion "1"]
[SourceVersionDate "2021.10.06"]
[SourceQuality "1"]

1. e4 e5 2. Nf3 Nc6 3. Bb5 a6 4. Ba4 d6 5. Bxc6+ bxc6 6. d4 exd4 7. Nxd4 c5 8. Ne2 Nf6 9. Nbc3 Bb7 10. Ng3 g6 11. Bf4 Nd7 12. Qd2 Bg7 13. Bh6 0-0 1/2-1/2

[Event "Niedersachsen-ch Seniors op 10th"]
[Site "Bad Bevensen"]
[Date "2007.07.04"]
[Round "2"]
[White "Klemt, Herbert"]
[Black "Juckschat, Paul"]
[Result "1-0"]
[WhiteElo "1500"]
[BlackElo "1748"]
[PlyCount "47"]
[EventDate "2007.07.03"]
[EventType "swiss"]
[EventRounds "9"]
[EventCountry "GER"]
[SourceTitle "EXT 2022"]
[Source "ChessBase"]
[SourceDate "2021.10.06"]
[SourceVersion "1"]
[SourceVersionDate "2021.10.06"]
[SourceQuality "1"]

1. e4 d5 2. exd5 Qxd5 3. Nc3 Qa5 4. d4 Nf6 5. Nf3 Nc6 6. h3 Bf5 7. Bd3 0-0-0 8. 0-0 Bxd3 9. Qxd3 h6 10. Be3 Kb8 11. Qe2 e6 12. a3 Qh5 13. b4 Nd5 14. Ne4 f5 15. Nc5 Bxc5 16. bxc5 e5 17. c4 e4 18. cxd5 exf3 19. Qb5 fxg2 20. Kxg2 Rxd5 21. Rab1 Nd8 22. Qa6 b6 23. Bf4 Qg6+ 24. Kh2 1-0

[Event "Niedersachsen-ch Seniors op 10th"]
[Site "Bad Bevensen"]
[Date "2007.07.03"]
[Round "1"]
[White "Merettig, Georg"]
[Black "Klemt, Herbert"]
[Result "1-0"]
[WhiteElo "1819"]
[BlackElo "1500"]
[PlyCount "79"]
[EventDate "2007.07.03"]
[EventType "swiss"]
[EventRounds "9"]
[EventCountry "GER"]
[SourceTitle "EXT 2022"]
[Source "ChessBase"]
[SourceDate "2021.10.06"]
[SourceVersion "1"]
[SourceVersionDate "2021.10.06"]
[SourceQuality "1"]

1. Nc3 Nf6 2. f4 e5 3. fxe5 Ng4 4. Nf3 d6 5. exd6 Bxd6 6. Ne4 0-0 7. Nxd6 Qxd6 8. e3 Re8 9. Bd3 Nc6 10. 0-0 Nce5 11. Nxe5 Qxe5 12. Rf4 h5 13. g3 Nf6 14. Be2 Bg4 15. Bxg4 hxg4 16. d4 Qe6 17. Qd3 Rad8 18. c4 c6 19. b3 Ne4 20. Qe2 f5 21. Qd3 g6 22. Kg2 Rd7 23. Bb2 g5 24. Rff1 Qh6 25. Rxf5 Qh3+ 26. Kg1 Rh7 27. Rxg5+ Nxg5 28. Qg6+ Rg7 29. Qxe8+ Kh7 30. Rf1 Nf3+ 31. Rxf3 gxf3 32. Qe4+ Kg8 33. Qxf3 Rf7 34. Qg2 Qf5 35. e4 Qa5 36. Qe2 Qxa2 37. d5 Qxb3 38. Qg4+ Kh7 39. Qh5+ Kg8 40. Qh8# 1-0